LEADER 00949cam0-2200301---450- 001 990005755670403321 005 20080825135227.0 035 $a000575567 035 $aFED01000575567 035 $a(Aleph)000575567FED01 035 $a000575567 100 $a19990604d1970----km-y0itay50------ba 101 0 $aita 102 $aIT 105 $ayf------001yy 200 1 $aEvoluzione storica e stilistica della moda$edalle antiche civiltą mediterranee al Rinascimento$fGiorgio Marangoni 210 $aMilano$cIstituto Artistico dell'Abbigliamento "Marangoni"$dc1970 215 $a289 p., 15 tav.$cill.$d22 cm 610 0 $aAbbigliamento$aStoria 676 $a746.92 700 1$aMarangoni,$bGiorgio$0219915 801 0$aIT$bUNINA$gRICA$2UNIMARC 901 $aBK 912 $a990005755670403321 952 $a746.92 MAR 1$bIST.GLOTT. 908$fFLFBC 959 $aFLFBC 996 $aEvoluzione storica e stilistica della moda$9571666 997 $aUNINA LEADER 01163cam--2200349---450 001 990005855590203316 005 20230607093318.0 010 $a978-88-7812-192-8 035 $a000585559 035 $aUSA01000585559 035 $a(ALEPH)000585559USA01 035 $a000585559 100 $a20130607d2008----km-y0itay5003----ba 101 0 $aita 102 $aIT 105 $a||||||||001yy 200 1 $aFund raising per le biblioteche italiane$eopportunitą ed esperienze$fa cura di Giovanni Di Domenico 210 $aRoma$cAssociazione italiana biblioteche$d2008 215 $a181 p.$d21 cm 300 $aIn testa al frontespizio: Associazione italiana biblioteche, Sezione Marche 606 0 $aBiblioteche$xRaccolta di fondi$2BNCF 676 $a025.11 702 1$aDI DOMENICO,$bGiovanni$f<1952- > 712 01$aAssociazione italiana biblioteche :$bSezione Marche 801 0$aIT$bsalbc$gISBD 912 $a990005855590203316 951 $aI.2.B. 1501$b240597 L.M.$cI.2.$d00319748 951 $aI.2.B. 1501a$b282839 L.M.$cI.2.$d555388 959 $aBK 969 $aUMA 996 $aFund raising per le biblioteche italiane$9231227 997 $aUNISA